LEADER 03558nam1 22006253i 450 001 LIA0115051 005 20251003044203.0 010 $a8842036161 100 $a19901201d1990 ||||0itac50 ba 101 | $aita 102 $ait 181 1$6z01$ai $bxxxe 182 1$6z01$an 183 1$6z01$anc$2RDAcarrier 200 1 $aˆL'‰Italia e il sistema finanziario internazionale, 1861-1914$fa cura di Marcello De Cecco$gcon la collaborazione di Massimo Roccas e Valeria Sannucci 210 $aRoma$aBari$cLaterza 215 $a v.$d21 cm. 225 | $aCollana storica della Banca d'Italia.$i Ser. Documenti$v1 410 0$1001CFI0167674$12001 $aCollana storica della Banca d'Italia.$i Ser. Documenti$v1$171202$aBanca d'Italia$3CFIV021176 463 1$1001UM10144073$12000 $a1: 1861-1914$fcon la collaborazione di Massimo Roccas e Valeria Sannucci dell'Ufficio ricerche storiche della Banca d'Italia$v1 463 1$1001UMC0054915$12000 $a[2]: 1919-1936$fdocumenti e note a cura di Pier Francesco Asso ... [et al.]$v2 606 $aSISTEMA MONETARIO INTERNAZIONALE$2FIR$3MILC087855$9E 606 $aItalia$xPolitica monetaria$x1861-1914$2FIR$3BVEC038107$9I 676 $a332$9ECONOMIA FINANZIARIA$v12 676 $a332.0945$9ECONOMIA FINANZIARIA. Italia$v23 676 $a332.45$9SCAMBI INTERNAZIONALI$v20 676 $a332.4945$9MONETA E POLITICA MONETARIA. Italia$v21 676 $a336.45$9FINANZA PUBBLICA. ITALIA$v19 686 $a030.5$cFINANZA CREDITO E MONETA 1900-1918$2R 686 $aIT/0435.0$cFINANZA CREDITO MONETA ITALIA 1900-1918$2R 686 $aIT/X435.0$cFINANZA CREDITO MONETA ITALIA$2R 686 $aSe.i.5.0$cStoria dell'economia italiana. Storie di banche, di compagnie di assicurazioni e altri istituti finanziari$2F 686 $aSe.i.7.4.20$cStoria dell'economia italiana. 1860-1914. La circolazione della carta-moneta$2F 686 $aSe.i.7.4.22$cStoria dell'economia italiana. 1860-1914. Il sistema bancario$2F 686 $aSe.i.7.4.23$cStoria dell'economia italiana. 1860-1914. I conti economici del Regno d'Italia fino al 1914$2F 686 $aX30.5$cFINANZA CREDITO MONETA$2R 696 $aSistemi monetari internazionali 699 $aSistema monetario internazionale$zSistemi monetari internazionali 702 1$aDe Cecco$b, Marcello$3CFIV068974 702 1$aRoccas$b, Massimo$3CFIV095192 702 1$aSannucci$b, Valeria$3CFIV113605 801 3$aIT$bIT-000000$c19901201 850 $aIT-BN0095 $aIT-NA0079 $aIT-NA0070 $aIT-NA0120 $aIT-NA0581 $aIT-NA0452 $aIT-NA0095 901 $bNAP BU$c6 B $nPropedeutica. Formato cm. 20,1-28. 901 $bNAP SB$cSAB-CAM $n$ 901 $bNAP IS$cISEM $nSezione di storia economica dell'ex Istituto di storia economica del Mezzogiorno 901 $bNAP IS$cISFSE $nSezione di materie economiche e sociali dell' ex Istituto sulle strutture finanziarie e lo sviluppo economico 901 $bNAP FC$cFONDO $n$ 901 $bNAP 01$cPOZZO LIB.$nVi sono collocati fondi di economia, periodici di ingegneria e scienze, periodici di economia e statistica e altri fondi comprendenti documenti di economia pervenuti in dono. 901 $bNAP BN$cCAU $n$ 912 $aLIA0115051 950 1$aBiblioteca Centralizzata di Ateneo$cv. 1 in 2 copie$d 01POZZO LIB.ECON MON 6221 977 $a 01$a BN$a BU$a CR$a FC$a IS$a SB 996 $aItalia e il sistema finanziario internazionale, 1861-1914$993023 997 $aUNISANNIO